Statistics for Final Premier League Table 2022/23

Click here to take the quiz!

General Stats

  • This quiz has been taken 75 times
  • The average score is 19 of 20

Answer Stats

PositionAnswerWDLGDPoints% Correct
2Arsenal2666+4584
100%
5Liverpool19109+2867
100%
1Manchester City2855+6189
100%
3Manchester United2369+1575
100%
4Newcastle United19145+3571
100%
6Brighton & Hove Albion18812+1962
98%
7Aston Villa18713+561
96%
9Brentford15149+1259
95%
17Everton81218-2336
95%
8Tottenham Hotspur18614+760
95%
20Southampton6725-3725
93%
13Wolverhampton Wanderers11819-2741
93%
10Fulham15716+252
91%
19Leeds United71021-3031
91%
12Chelsea111116-944
89%
18Leicester City9722-1734
89%
14West Ham United11720-1340
89%
11Crystal Palace111215-945
87%
16Nottingham Forest91118-3038
87%
15Bournemouth11621-3439
85%

Score Distribution

Percentile by Number Answered

Percent of People with Each Score

Your Score History

You have not taken this quiz